Library catalogue, December 1893, with appendices (Record no. 99737)

MARC details
000 -LEADER
fixed length control field 00620cam a22001935a 4500
001 - CONTROL NUMBER
control field ##J100651
008 - FIXED-LENGTH DATA ELEMENTS--GENERAL INFORMATION
fixed length control field 000000s1893 000 0 eng u
035 ## - SYSTEM CONTROL NUMBER
System control number (Sirsi) u100651
041 0# - LANGUAGE CODE
Language code of text/sound track or separate title eng
050 04 - LIBRARY OF CONGRESS CALL NUMBER
Classification number 333.07442 $2 22
110 2# - MAIN ENTRY--CORPORATE NAME
Corporate name or jurisdiction name as entry element Surveyors' Institution
9 (RLIN) 3783
245 00 - TITLE STATEMENT
Title Library catalogue, December 1893, with appendices
250 ## - EDITION STATEMENT
Edition statement 3rd ed.
260 ## - PUBLICATION, DISTRIBUTION, ETC.
Place of publication, distribution, etc. London
Name of publisher, distributor, etc. Surveyors' Institution
Date of publication, distribution, etc. 1893
300 ## - PHYSICAL DESCRIPTION
Extent 331p.
Dimensions 22cm.
520 ## - SUMMARY, ETC.
Summary, etc. Appendices relate to parliamentary bills, acts of parliament and parliamentary papers.
690 ## - LOCAL SUBJECT ADDED ENTRY--TOPICAL TERM (OCLC, RLIN)
Topical term or geographic name as entry element RICS SERVICES-RICS LIBRARY AND INFORMATION SERVICES
942 ## - ADDED ENTRY ELEMENTS (KOHA)
Suppress in OPAC 0
Holdings
Withdrawn status Lost status Source of classification or shelving scheme Damaged status Not for loan Home library Current library Shelving location Date acquired Total Checkouts Full call number Barcode Date last seen Copy number Price effective from Koha item type
    Dewey Decimal Classification     Historic collection Historic collection RICS Boxes 21/10/1999   RICS 1893/1 30059593 06/08/2019 1 06/08/2019 Archive